000 00666nam a22002057a 4500
003 0
005 20251104092101.0
008 251104b xxu||||| |||| 00| 0 eng d
020 _a978-93-6224-208-2
050 _aHD 1382.5
_b.R43 2025
245 _aReal estate planning and development /
_cSatish Kumar, editor.
260 _aNew Delhi, India :
_bDiscovery Publishing House,
_c2025.
300 _av, 264 pages :
_billustrations ;
_c25 cm.
504 _aIncludes bibliographical references and index.
650 _aReal estate development.
650 _aCity planning.
650 _aLand use
_xPlanning.
650 _aReal property
_xValuation.
942 _2lcc
_cBK
999 _c368435
_d368435